Groups of Seven #2 - Statistics

General Stats
  • This quiz has been taken 124,286 times
    66,414 since last reset
  • The average score is 33 of 56
Answer Stats
Group Answer % Correct
Colors of the rainbow Blue
97%
Colors of the rainbow Green
97%
Colors of the rainbow Red
97%
Colors of the rainbow Yellow
97%
Colors of the rainbow Orange
95%
Wonders of the ancient world Great {Pyramid} of Giza
90%
Countries that start with U Uruguay
88%
Central American countries Panama
87%
Countries that start with U Uganda
87%
Countries that start with U United Kingdom
86%
Countries that start with U Uzbekistan
85%
Colors of the rainbow Violet
84%
Seven metals known since antiquity Gold
83%
Central American countries Honduras
83%
Original Justice League superheroes Superman
83%
Countries that start with U United States
83%
Central American countries Costa Rica
82%
Central American countries Guatemala
82%
Central American countries Nicaragua
82%
Original Justice League superheroes Batman
81%
Central American countries El Salvador
81%
Central American countries Belize
79%
Seven metals known since antiquity Silver
79%
Seven metals known since antiquity Iron
76%
Seven summits Mount Everest
75%
Colors of the rainbow Indigo
73%
Original Justice League superheroes Wonder Woman
69%
Countries that start with U United Arab Emirates
68%
Seven metals known since antiquity Copper
67%
Wonders of the ancient world {Hanging} {Gardens} of Babylon
66%
Countries that start with U Ukraine
66%
Wonders of the ancient world Statue of {Zeus} at Olympia
62%
Seven summits Kilimanjaro
56%
Original Justice League superheroes Flash
54%
Seven metals known since antiquity Tin
51%
Wonders of the ancient world {Colossus} of Rhodes
50%
Original Justice League superheroes Aquaman
47%
Wonders of the ancient world {Lighthouse} of Alexandria
44%
Original Justice League superheroes Green Lantern
43%
Seven metals known since antiquity Lead
39%
Seven summits Denali
36%
Seven metals known since antiquity Mercury
30%
Wonders of the ancient world Temple of {Artemis} at Ephesus
28%
Seven Catholic virtues Charity
22%
Wonders of the ancient world {Mausoleum} of Halicarnassus
22%
Seven summits Mount Elbrus
20%
Seven Catholic virtues Chastity
18%
Original Justice League superheroes Martian Manhunter
18%
Seven summits Aconcagua
17%
Seven Catholic virtues Kindness
16%
Seven Catholic virtues Patience
15%
Seven Catholic virtues Humility
13%
Seven summits Mount Wilhelm
10%
Seven Catholic virtues Temperance
9%
Seven summits Vinson Massif
8%
Seven Catholic virtues Diligence
5%
No matching quizzes found
Score Distribution
Percent of People with Each Score
Percentile by Number Answered
Your Score History
You have not taken this quiz since the last reset